1602 1603 1690 1318 1193 1110 1676 1240 1885 1130 1761 1657 1901 1784 1320 1007 1378 1733 1297 1074 1909 1678 1508 1405 1592 1305 1587 1352 1240 1806 1720 1482 1424 1165 1266 1211 1424 1759 1807 1324 1699 1752 1591 1773 1238 1391 1392 1055 1088 1539 1460 1529 1639 1816 1452 1844 1769 1436 1699 1189 1788 1895 1453 1998 1170 1897 1286 1514 1714 1371 1469 1317 1811 1596 1963 1446 1366 1932 1290 1361 1465 1091 1683 1677 1936 1562 1262 1642 1633 1582 1024 1346 1367 1210 1207 1118 1830 1424 1815 BCNSPRNW ULIB Ver.6.0+V

เปลี่ยนเป็นภาษาไทย

Change to English
 แสดงรายละเอียดบรรณานุกรม
  กลับหน้าหลัก

Brief Record : Get Marc (ISO 2709) : E-mail record : QR code < ปิดหน้าต่าง
LEADER : 00000nam 2200000uu 4500
001    13399110236
003     ULIB
008    110426s2544||||th 000 0 tha d
020    9742938695
060 04 WM3^bส715ร 2544
111 2  การประชุมวิชาการสุขภาพจิต เรื่อง สุขภาพจิตดีด้วยอีคิว^d(2543 :^cกรุงเทพฯ)
245 10 สุขภาพจิตดีด้วยอีคิว :^bรายงานการประชุมวิชาการสุขภาพจิต ;6-7 กันยายน 2543 ณ โรงแรมดิเอมเมอรัลด์ กรุงเทพฯ /^cสำนักพัฒนาสุขภาพจิต กรมสุขภาพจิต
246 34 รายงานการประชุมวิชาการสุขภาพจิต ปี 2543 เรื่องสุขภาพจิตดีด้วยอีคิว
260    นนทบุรี :^bสำนัก,^c2544
300    212 หน้า :^bตาราง
650  2 Mental health^xCongresses
650  2 Emotions
650  7 สุขภาพจิต^xการประชุม
650  7 ความฉลาดทางอารมณ์
710 20 กรมสุขภาพจิต
710 20 สำนักพัฒนาสุขภาพจิต
945    ^p0^l0^i013481
995    ทศพร
999 ^a ใช้งานได้ทุกระบบ
รายการนี้ยังไม่มีแท็ก
คุณยังไม่ได้ล็อกอิน คุณสามารถมีกิจกรรมร่วมกับเว็บไซต์ได้ แต่ต้องล็อกอินก่อน ::
  ล็อกอิน

รายการสื่อสารสนเทศ

ลำดับที่ ประเภท เลขเรียก/บาร์โค้ด สถานที่ สถานะ
- ไม่พบข้อมูล -

รายการใกล้เคียง
    หัวเรื่อง [ความฉลาดทางอารมณ์]

BibComment


ยังไม่เคยถูกคอมเมนท์

คอมเมนท์ทรัพยากรรายการนี้
  คอมเมนท์: สุขภาพจิตดีด้วยอี..


 Copyright 2026. Bcnsprnw @Library